000 05454nam a2200517Ia 4500
001 dia_4665
003 CHAP
005 20241025135237.0
007 ta
008 220117s2010 mx bdeofrm 001 0 spa d
010 _a175351
040 _cCHAP
_amxchpua
_erda
041 0 _aspa
_beng
090 _aTesis
_bM47
_c2010
100 1 _aMerino Jiménez, Xicotencal
240 1 0 _aProject for the establishment of mango (Mangifera indica L.) and mexican plum (Spondias purpurea L.) packing located in Santa Cruz Zenzontepec, Oaxaca.
_lEspañol
245 1 0 _aProyecto para el establecimiento de una empacadora de mango (Mangafera indica L.) y ciruela mexicana (Spondias purpurea L.) en Santos Cruz Zenzontepec, Oaxaca /
_cXicotencal Merino Jiménez
264 _aChapingo, México :
_bEl autor,
_c2010
300 _aviii, 109 hojas :
_bmapas, gráficas, diagramas, tablas, fotos, planos +
_e1 CD-ROM
336 _2rdacontent
_atexto
_btxt
337 _2rdamedia
_ano mediado
_bn
338 _2rdacarrier
_avolumen
_bnc
500 _aEl CD contiene el reporte -- Los planos están incluidos en el reporte
502 _aTesis
_b(Ingeniero Agroindustrial) --
_cUACh. Departamento de Ingenieria Agroindustrial,
_d2010
504 _aBibliografía: hojas 96-99
505 _a6 planos -- 1. Plano de distribución de áreas -- 2. Plano de distribución de equipos -- 3. Plano estructural -- 4. Plano vista principal -- 5. Plano vista posterior -- 6. Plano vista superior y lateral
520 3 _aEn este trabajo se propone el establecimiento de una empacadora de mango y ciruela mexicana en el municipio de Zenzontepec, Oaxaca que busca acondicionar la producción de la región abarcando municipios circunvecinos y el mismo municipio donde se pretende localizar la planta. La propuesta de la instalación del empaque surge como una necesidad económica debido a que la producción que se obtiene cada año genera ingresos casi nulos para los productores, no existe forma alguna de comercialización y en consecuencia no genera una derrama económica importante para la región. Se analizó la factibilidad y la rentabilidad del proceso de acondicionamiento de acuerdo a las características de la materia prima y al mercado. La información se obtuvo a través de revisiones bibliográficas de distintas y variadas fuentes, principalmente en las bibliotecas de la Universidad Autónoma Chapingo. Los resultados muestran que el proyecto es viable técnica y económicamente rentable, esto debido a que la TIR obtenida fue del 16%, mayor que la tasa de actualización determinada (10%), por lo tanto el proyecto se acepta, además el valor actual neto fue de $1, 455, 697 el cual es mayor que cero y por consecuencia el proyecto también cumple de manera satisfactoria con este indicador. En lo que respecta a la relación beneficio – costo se obtuvo un valor de 1.11 lo que indica también la viabilidad del proyecto. Por otra parte, se tiene que el proyecto es sensible al aumento de los costos de producción y a la disminución de los ingresos por ventas. El monto total de inversión es de $4,387, 965. --
520 3 _aIn this project was proposed the installation of handle and Mexican plum packing to be located in Zenzontepec, Oaxaca, that it looks for conditioning the production of the region and surrounding municipalities and the same municipalities were it is tried to locate the plant. The proposal of the installation of the packing arises like an economic necessity because the production that obtains every year does not generate economic income to the producer, does not exist commercialization form some and by consequence it does not generate a major economic income for the region. It was analyzed the feasibility and the yield of the preparation process according to the characteristics of the raw material and to the market. The information was obtained through revisions bibliographical of different and varied sources, mainly in the libraries of the Autonomous University Chapingo. The results show that the project is viable economically profitable technique, this because the TIR obtained was 16%, higher than the discount rate determined (10%), therefore the project is accepted, also the net present value was $ 1, 455, 697 which is greater than zero and consequently the project also complies satisfactorily with this indicator. With respect to the benefit - cost was obtained a value of 1.11 which also indicates the feasibility of the project. On the other hand, the project is had is sensible to the increase of the production costs and to the diminution of the income by sales. The total amount of investment is of $4, 387, 965.
650 1 3 _aCiruelas
_2atg
_xPlantas empacadoras
650 1 3 _aMangos
_2atg
_xPlantas empacadoras
650 1 3 _aIniciativa empresarial
_zMéxico
_zOaxaca
_2atg
650 1 3 _aMangoes
_2atg
_xPacking houses
650 1 0 _aPlums
_2atg
_xPacking houses
650 1 3 _aEntrepreneurship
_zMéxico
_zOaxaca
_2atg
700 1 _aPonce Hernández, Pedro
_edirector
700 1 _aSzymanski Duque, Rosa Guadalupe
_easesora
700 1 _aPérez López, Artemio
_easesor
856 4 1 _uhttp://10.13.5.2/tesis/109451.pdf
_yDESCARGAR PDF
901 _aTesis M47 2010
902 _aM
905 _a0000002010 MX A M 0000000000SPA00
942 _cTESIS
_2Clasificación Universidad Autónoma Chapingo
999 _c175351
_d175351